Most Powerful People In The World - Statistics

General Stats
  • This quiz has been taken 47 times
  • The average score is 18 of 75
Answer Stats
Rank Organization/Nation Answer % Correct
3 United States Donald Trump
97%
4 Germany Angela Merkel
95%
7 Bill & Melinda Gates Foundation Bill Gates
92%
2 Russia Vladimir Putin
92%
5 Amazon.com Jeff Bezos
86%
6 Roman Catholic Church Pope Francis
76%
1 China Xi Jinping
76%
21 Alibaba Group Jack Ma
70%
27 Tencent Holdings Ma Huateng
70%
13 Facebook Mark Zuckerberg
70%
70 Fidelity Investments Abigail Johnson
57%
57 Canada Justin Trudeau
57%
12 France Emmanuel Macron
51%
41 World Bank Jim Yong Kim
51%
36 North Korea Kim Jong-un
51%
38 Japan Shinzo Abe
49%
25 Tesla Elon Musk
46%
26 Israel Benjamin Netanyahu
41%
67 United States Mike Pence
41%
9 India Narendra Modi
41%
48 Turkey Recep Tayyip Erdogan
35%
62 Syria Bashar al-Assad
32%
16 Berkshire Hathaway Warren Buffett
32%
37 Koch Industries Charles Koch
30%
8 Saudi Arabia Mohammed bin Salman al Saud
30%
51 Bloomberg Michael Bloomberg
24%
14 United Kingdom Theresa May
24%
10 Alphabet Larry Page
22%
46 CK Hutchison Holdings Li Ka-shing
19%
15 China Li Keqiang
19%
58 Baidu Robin Li
19%
73 Islamic State Abuv Bakr al-Baghdadi
16%
54 South Korea Moon Jae-in
16%
39 News Corp Rupert Murdoch
16%
17 Iran Ali Hoseini-Khamenei
14%
69 Philippines Rodrigo Duterte
14%
24 Apple Tim Cook
14%
22 International Monetary Fund Christine Lagarde
8%
75 FIFA Gianni Infantino
8%
33 European Union Jean-Claude Juncker
8%
74 Indonesia Joko Widodo
8%
55 Softbank Corp. Masayoshi Son
8%
59 Dell Michael Dell
8%
35 Alphabet Sergey Brin
8%
45 Egypt Abdel Fattah el-Sisi
5%
20 America Movil SAB de CV (ADR) Carlos Slim Helu
5%
29 Toyota Motor Akio Toyoda
3%
66 Dangote Group Aliko Dangote
3%
31 United Nations Antonio Guterres
3%
19 Chase Jamie Dimon
3%
11 United States Jerome Powell
3%
63 United States John Roberts
3%
61 Singapore Lee Hsien Loong
3%
18 European Central Bank Mario Draghi
3%
53 General Motors Mary Barra
3%
50 Brazil Michel Temer
3%
72 United States Robert Mueller
3%
40 Microsoft Satya Nadella
3%
52 Dalian Wanda Group Wang Jianlin
3%
56 LVMH Moet Hennessy Louis Vuitton Bernard Arnault
0%
49 Walt Disney Bob Iger
0%
34 ExxonMobil Darren Woods
0%
23 Wal-Mart Stores Doug McMillon
0%
64 Mexico Enrique Pena Nieto
0%
44 Japan Haruhiko Kuroda
0%
60 China Evergrande Group Hui Ka Yan
0%
30 General Electric John L. Flannery
0%
65 Citadel LLC Ken Griffin
0%
43 United Arab Emirates Khalifa bin Zayed Al-Nahyan
0%
28 BlackRock Larry Fink
0%
47 Goldman Sachs Group Lloyd Blankfein
0%
32 Reliance Industries Ltd. Mukesh Ambani
0%
68 Pakistan Qamar Javed Bajwa
0%
71 Netflix Reed Hastings
0%
42 Blackstone Group Stephen Schwarzman
0%
No matching quizzes found
Score Distribution
Percent of People with Each Score
Percentile by Number Answered
Your Score History
You have not taken this quiz